Algorithms in Java

Na minha lista:
Detalhes bibliográficos
Autor principal: Robert Sedgewick
Formato: Livro
Idioma:Undetermined
Publicado em: Boston, MA Addison-Wesley 2004
Assuntos:
Tags: Adicionar Tag
Sem tags, seja o primeiro a adicionar uma tag!
Thư viện lưu trữ: Trung tâm Học liệu Trường Đại học Cần Thơ
LEADER 00484nam a2200169Ia 4500
001 CTU_56317
008 210402s9999 xx 000 0 und d
082 |a 005.133 
082 |b S448/P.5 
100 |a Robert Sedgewick 
245 0 |a Algorithms in Java 
245 0 |c Robert Sedgewick 
260 |a Boston, MA 
260 |b Addison-Wesley 
260 |c 2004 
650 |a computer algorithms,java ( computer program language ) 
980 |a Trung tâm Học liệu Trường Đại học Cần Thơ